La tesis de coexistencia pacífica en los teólogos clásicos españoles / (Record no. 117921)

MARC details
000 -LEADER
campo de control de longitud fija 00609nam a2200181 4500
001 - NÚMERO DE CONTROL
campo de control 117921
003 - IDENTIFICADOR DE NÚMERO DE CONTROL
campo de control ES-MaACL
005 - FECHA Y HORA DE LA ÚLTIMA TRANSACCIÓN
campo de control 20230906191009.0
007 - CAMPO FIJO DE DESCRIPCIÓN FÍSICA--INFORMACIÓN GENERAL
campo de control de longitud fija t|
008 - DATOS DE LONGITUD FIJA--INFORMACIÓN GENERAL
campo de control de longitud fija 070214s1963 sp r ||||1| spa d
100 1# - ENTRADA PRINCIPAL--NOMBRE DE PERSONA
Nombre de persona Pereña, Luciano.
9 (RLIN) 90516
245 13 - MENCIÓN DEL TÍTULO
Título La tesis de coexistencia pacífica en los teólogos clásicos españoles /
Mención de responsabilidad, etc. discurso de Luciano Pereña.
260 ## - PUBLICACIÓN, DISTRIBUCIÓN, ETC.
Lugar de publicación, distribución, etc. Madrid :
Nombre del editor, distribuidor, etc. [s.n.],
Fecha de publicación, distribución, etc. 1963 (
Fabricante Gráf. Ibérica)
300 ## - DESCRIPCIÓN FÍSICA
Extensión 90 p. ;
Dimensiones 25 cm.
500 ## - NOTA GENERAL
Nota general Precede al Tit : Instituto Social León XIII.
710 2# - ENTRADA AGREGADA--NOMBRE DE ENTIDAD CORPORATIVA
Nombre de entidad corporativa o nombre de jurisdicción como elemento de entrada Instituto Social León XIII.
9 (RLIN) 5236
852 ## - LOCALIZACIÓN
Ubicación ES-MaACL
Número de control de estantería C-23948
Sublocalización o colección R.52699
Holdings
Estatus retirado Estado de pérdida Estado de daño No para préstamo Biblioteca de origen Biblioteca actual Ubicación en estantería Fecha de adquisición Fuente de adquisición Total de préstamos Signatura topográfica completa Código de barras Visto por última vez Precio de reemplazo Tipo de ítem Koha
        Biblioteca del Ateneo de Madrid Biblioteca del Ateneo de Madrid Depósito 2 17/01/2008     C-23948 1122936 23/02/2023 23/02/2023 Libro impreso